Riconosci l'Anno dagli eventi - Quiz n°14 - Statistics

Statistiche generali
  • Questo quiz è stato fatto 42 volte
  • Il punteggio medio è 13 su 15
Statistiche sulle risposte
Indizio Risposta % Corretto
A 1º gennaio: negli Stati Uniti d'America è vietata l'importazione di schiavi dall'estero. Rimane ancora in vigore tuttavia lo schiavismo all'interno di molti stati della federazione, nonché il coinvolgimento estero nella tratta degli schiavi dall'Africa.
100%
B 8 febbraio: il ministro delle finanze di Napoleone Bonaparte, Nicolas François Mollien, da poco nominato conte, delibera che i fondi per il sostentamento della Repubblica delle Sette Isole Unite, ritornata nuovamente sotto il protettorato francese, vengano spediti ogni mese da Firenze a Corfù nella somma di 25.000 franchi d'oro.
92%
D 11 marzo – Guerra di Finlandia: le truppe russe occupano Tampere.
89%
O 20 dicembre: ha inizio il secondo assedio di Saragozza da parte dell'esercito francese. Il durissimo assedio (si stimano oltre 50.000 morti da parte spagnola corrispondenti a circa la metà degli assediati) avrà termine l'anno successivo, ma la città non verrà espugnata.
89%
F 24 maggio – guerra d'indipendenza spagnola: la rivolta contro l'occupazione francese si estende oramai a tutto il paese, fomentata dal clero e dalla nobiltà spagnola. Le azioni militari sono disorganizzate e compiute dai popolani, ma una giunta ribelle prende il potere in gran parte delle province.
89%
E 2 maggio: ha inizio la guerra d'indipendenza spagnola: la popolazione di Madrid si rivolta contro gli occupanti francesi uccidendo 150 soldati.
89%
I Fine luglio – Regno di Napoli: dopo un mese di interregno Gioacchino Murat, cognato di Napoleone, viene nominato re di Napoli al posto di Giuseppe Bonaparte.
89%
C 11 febbraio: il carbone di antracite viene utilizzato per la prima volta come combustibile a Wilkes-Barre in Pennsylvania (USA) da Jesse Fell che ha ideato un metodo efficace per la combustione aerea. L'utilizzo del carbone sarà fondamentale per innescare la Rivoluzione industriale statunitense.
86%
H 14 luglio – guerra di indipendenza spagnola: le armate francesi di Jean Baptiste Bessières sconfiggono gli anglo-spagnoli guidati da Joaquín Blake y Joyes nella battaglia di Medina de Rioseco.
86%
L 20 agosto – Portogallo: gli inglesi sotto il comando di Arthur Wellesley, I duca di Wellington sconfiggono l'esercito francese del generale Junot alla battaglia di Vimeiro. Le truppe francesi si ritirano verso i Pirenei.
86%
P 22 dicembre: viene eseguita per la prima volta la sinfonia no. 5 di Ludwig van Beethoven.
86%
N 30 novembre: l'esercito di Napoleone è vittorioso a Somosierra.
86%
M 10 settembre – L'Impressão Régia stampa il primo numero della Gazeta do Rio de Janeiro. Il primo giornale stampato del Brasile segna l'inizio della stampa nel paese sudamericano.
84%
G 8 luglio: un'assemblea di 75 notabili spagnoli promulga la costituzione di Bayonne. Il documento trasforma la monarchia assoluta spagnola in una monarchia costituzionale d'ispirazione napoleonica. Il giorno dopo, Giuseppe Bonaparte viene formalmente incoronato re di Spagna con il nome di Giuseppe I.
84%
Anno 1808
57%
Nessun quiz corrispondente trovato
Distribuzione punteggi
Percentuale di utenti per punteggio
Percentile per numero di risposta
I tuoi punteggi nel tempo
Non hai fatto questo quiz